000 00572nam a2200217 i 4500
001 C2-0227858
003 PPAK
005 20180728155147.0
008 000730s1969 my |||| ||||| | may d
040 _aPPAK
_beng
_cPPAK
_erda
082 0 4 _a398.2
_223
090 0 0 _a398.2
_bHIK
_dKSI
245 0 0 _aHikayat Panji Semirang
264 1 _aKuala Lumpur :
_bPustaka Antara ,
_c1969
300 _a190 pages ;
_c18 cm
336 _2rdacontent
_atext
337 _2rdamedia
_aunmediated
338 _2rdacarrier
_avolume
650 1 0 _aFolk literature, Malay
942 _ddc
_cB
999 _c147859
_d147859